| 000 | 00397nam a2200145 i 4500 | ||
|---|---|---|---|
| 001 | bg | ||
| 100 | 1 | _aKAINSON, A. J. | |
| 245 | 0 |
_aMechanizacija vnutripocvennogo pitanija selsko chozjajstvennych kultur / _cA.J. Kainson, J.S. Rezygraev. |
|
| 260 |
_aMoskva, _c1970. |
||
| 700 | 1 | _aRAZYGRAEV, J. S. | |
| 040 | _cBPK | ||
| 041 | _apol | ||
| 942 | _cKS | ||
| 008 | s pl f |000 0 pol | ||
| 999 |
_c13011 _d13011 |
||
| 856 |
_uhttp://koha.tu.koszalin.pl/cgi-bin/koha/opac-detail.pl?biblionumber=13011 _yKatalog online BPK |
||